000 00614nam a2200205 a 4500
001 BRCA_2533
005 20190320203844.0
008 251108s1924----gw-a---###---#000-0#ger-u
050 4 _aNK4565.3
_b.F83 1924
100 1 _aFuchs, Eduard
_97270
245 1 0 _aTang-plastik
_bchinesische Grabkeramik des VII, bis X Jahrhunderts
_cvon Eduard Fuchs.
260 _aMunchen
_bA. Langen
_c1924
300 _a62 p.
_bil., 59 láminas
_c28 cm.
500 _aA20
650 1 4 _aCerámica china
_97212
650 1 4 _aMonumentos sepulcrales
_zChina
_97271
650 1 4 _aCerámica
_xHistoria
_91463
902 _aGFM
942 _2lcc
_cB
999 _c2274
_d2274